Caste in Indian politics. (Record no. 886)

MARC details
000 -LEADER
fixed length control field 00517cam a2200205ua 4500
001 - CONTROL NUMBER
control field 966
005 - DATE AND TIME OF LATEST TRANSACTION
control field 20260515113242.0
008 - FIXED-LENGTH DATA ELEMENTS--GENERAL INFORMATION
fixed length control field 110425n ii |||gr||||Z||||||eng
020 ## - INTERNATIONAL STANDARD BOOK NUMBER
International Standard Book Number 81-7169-537-x
040 ## - CATALOGING SOURCE
Transcribing agency MAIN
082 ## - DEWEY DECIMAL CLASSIFICATION NUMBER
Classification number 320.954
245 1# - TITLE STATEMENT
Title Caste in Indian politics.
Statement of responsibility, etc. By S.K Khanna.
250 ## - EDITION STATEMENT
Edition statement 1st.
260 ## - PUBLICATION, DISTRIBUTION, ETC.
Place of publication, distribution, etc. New Delhi.:
Name of publisher, distributor, etc. Commonwelth publishers.,998.
300 ## - PHYSICAL DESCRIPTION
Extent 344 p.:
Dimensions 25 cm.
653 ## - INDEX TERM--UNCONTROLLED
Uncontrolled term Political science.
653 ## - INDEX TERM--UNCONTROLLED
Uncontrolled term Caste in Indian politics.
700 1# - ADDED ENTRY--PERSONAL NAME
Personal name Khanna, S K.,
942 ## - ADDED ENTRY ELEMENTS (KOHA)
Koha item type Books
Holdings
Withdrawn status Lost status Damaged status Not for loan Home library Current library Shelving location Date acquired Total checkouts Full call number Barcode Date last seen Date last checked out Copy number Price effective from Koha item type
        Naharkatiya College Library Naharkatiya College Library General stacks 09/19/2020 1 320.954 | KHA 539 03/25/2023 03/24/2023 1 09/19/2020 Books